000
00284nam a2200097Ia 4500
001
646995
005
20250826153654.0
008
250824s9999 xx 000 0 und d
245
0
_a
Şekilli Kimya Sözlüğü
_c
Corinne Stockley, Chris Oxlade, Jane Wertheim
260
_b
TÜBİTAK YAYINLARI
999
_c
646995
_d
646995